000 00387nam a22001337a 4500
008 230228b |||||||| |||| 00| 0 eng d
020 _a8185304637
082 _a304.6
100 _aGowariker,Vasant
245 _aInevitable Billion pius:Exploration of Interconnectivities and Action Possiblilities
260 _aDelhi
_bVichar Dhara Publication
_c1993
300 _a276
942 _2ddc
_cBK
999 _c1338
_d1338